000 01268nam a22002177a 4500
999 _c26493
_d26493
003 BDDh-ASL
005 20231015030642.0
008 210922s2000 -ge||||| |||| 00| 0 b d
040 _cBDDh-ASL
082 _a928.9144
_bAHM
110 1 _94925
_aডিরেক্টর অব রেজিওন্যাল পাবলিসিটি
245 0 0 _aডঃ আহমদ শরীফ স্মারক সংকলন /
246 _aDr. Ahmad Sharif Smarak Sanklan
260 _aজার্মানী:
_bসংলাপ,
_c২০০০।
300 _a১৩৭ পৃষ্ঠা, :
_c২২ সে. মি.
600 1 0 _94932
_aশরীফ, ড. আহমদ
650 0 _aCommemoration Volume (স্মারকগ্রন্থ), Memoirs, স্মারকগ্রন্থ, Smārakagrantha, Souvenir, স্মরণিক, স্মারকগ্রন্থ, স্মৃতিকথা, Smr̥tikathā, Memoirs, Reminiscences, স্মরণিকা, Smaraṇikā, Souvenir, স্যুভেনির, অভিজ্ঞান, Syubhēnira, so͞ovəˈnir, memorial, souvenir, remembrancer
_94668
700 1 _94933
_aশান্তি, শাহ্ আলম
700 1 _94934
_aরহমান, ওয়ালী
942 _2ddc
_cBK